| 000 | 00489cam a22001577a 4500 | ||
|---|---|---|---|
| 008 | 180718b2005 xxu||||| |||| 00| 0 eng d | ||
| 020 | _a0091908930 | ||
| 082 | _aA99 J18 | ||
| 100 | _aJaffrey, Madhur | ||
| 245 |
_aClimbing the mango trees: a memoir of a childhood in India _cby Madhur Jaffrey |
||
| 260 |
_aLondon _bEbury Press _c2005 |
||
| 300 | _a303p. | ||
| 650 | _aCookery, Indic | ||
| 650 | _aWomen cooks --India --Biography | ||
| 650 | _aJaffrey, Madhur, 1933 --Childhood and youth | ||
| 999 |
_c427184 _d427184 |
||